Hỏi đáp kinh tế chính trị mác lênin

Cuốn sách Hỏi Đáp Môn Kinh Tế Chính Trị Mác - Lênin được biên soạn để phục vụ cho việc giảng dạy, nghiên cứu và học tập môn khoa học Mác - lênin trong hệ thống phân viện, trường Đại học, Cao đẳng, trung học dạy nghề. Nội dung được trình bà...

وصف كامل

محفوظ في:
التفاصيل البيبلوغرافية
مؤلفون مشاركون: Trường Đại học Sư phạm Thành phố Hồ Chí Minh, Khoa Giáo dục Chính trị
التنسيق: كتاب
اللغة:Undetermined
منشور في: Thành phố Hồ Chí Minh Trẻ 2008
الموضوعات:
الوسوم: إضافة وسم
لا توجد وسوم, كن أول من يضع وسما على هذه التسجيلة!
Thư viện lưu trữ: Trung tâm Học liệu Trường Đại học Cần Thơ
LEADER 01586nam a2200217Ia 4500
001 CTU_135301
008 210402s9999 xx 000 0 und d
020 |c 21000 
082 |a 335.412 
082 |b Tr561 
110 |a Trường Đại học Sư phạm Thành phố Hồ Chí Minh 
110 |b Khoa Giáo dục Chính trị 
245 0 |a Hỏi đáp kinh tế chính trị mác lênin 
245 0 |c Trường Đại học Sư phạm Thành phố Hồ Chí Minh. Khoa Giáo dục Chính trị 
260 |a Thành phố Hồ Chí Minh 
260 |b Trẻ 
260 |c 2008 
520 |a Cuốn sách Hỏi Đáp Môn Kinh Tế Chính Trị Mác - Lênin được biên soạn để phục vụ cho việc giảng dạy, nghiên cứu và học tập môn khoa học Mác - lênin trong hệ thống phân viện, trường Đại học, Cao đẳng, trung học dạy nghề. Nội dung được trình bày dưới dạng hỏi - đáp gồm 40 câu hỏi kèm trả lời. Với bố cục đơn giản, văn phong sáng sủa, cuốn sách đã đề cập đầy đủ và có hệ thống những nội dung trọng điểm sát với chương trình môn Kinh Tế Chính Trị Mác - Lênin theo tinh thần đổi mới của Đại hội lần thứ IX của Đảng cộng sản Việt Nam. 
650 |a Economic policy,Marxism 
904 |i Duy Bằng 
980 |a Trung tâm Học liệu Trường Đại học Cần Thơ